| 000 | 01709nam a2200337 a 4500 | ||
|---|---|---|---|
| 001 | BRCA_3239 | ||
| 005 | 20190320204159.0 | ||
| 008 | 060309s1809----enka---###---#000-0#eng-# | ||
| 041 | _aeng | ||
| 044 | _aenk | ||
| 084 |
_a540 _b.W48 _c1809 |
||
| 100 | 1 |
_aCervantes Saavedra, Miguel de _d1547-1616 _9213 |
|
| 245 | 1 | 0 |
_aThe Life and Exploits of the Ingenious Gentleman Don Quixote de la Mancha _cTranslated from the Original Spanish of Miguel de Cervantes Saavedra by Charles Jarvis to which is Prefixed a Life of the Author. |
| 260 |
_aLondres _bC. Whittingham _c1809 |
||
| 300 |
_a4 v. _bil. _c13 cm. |
||
| 500 | _aContenido : v.1. Primera parte. Noticia biográfica sobre Cervantes por J. A. Pellicer. Prólogo del autor. -- v.2. Texto. -- v.3. Segunda parte. Prólogo del autor. -- v.4. Texto | ||
| 500 | _aTraducción de Jarvis, a la cual se ha añadido una Vida de Cervantes tomada de la escrita por Pellicer. Las láminas son obra de T. Stothard. Edición de surtido, pero bien impresa. Semipiel; con adornos dorados en las lomeras Lúdovik Osterc | ||
| 500 | _aIncluye notas al final de cada volumen | ||
| 500 | _aQM435 | ||
| 546 | _aTexto en : inglés | ||
| 650 | 1 | 4 |
_aNovela española _yÉpoca clásica, 1500-1700 _9215 |
| 650 | 1 | 4 |
_aLiteratura española _yÉpoca clásica, 1500-1700 _9216 |
| 650 | 1 | 4 |
_aNovela española _ySiglo XVII _9217 |
| 650 | 1 | 4 |
_aDon Quijote (Personaje ficticio) _eNovela _9218 |
| 700 | 1 |
_aJarvis, Charles _d?-1739 _eTraductor _98635 |
|
| 700 | 1 |
_aPellicer y Pilares, Juan Antonio _d1738-1806 _eBiógrafo _98636 |
|
| 700 | 1 |
_aStothard, Thomas _d1755-1834 _eIlustrador _98637 |
|
| 740 | 0 | _aEl Ingenioso Hidalgo Don Quijote de la Mancha | |
| 902 | _aQFM | ||
| 942 |
_2lcc _cB |
||
| 999 |
_c2975 _d2975 |
||